Tạp Chí Khoa học = Journal of science /
Spremljeno u:
| Autor kompanije: | |
|---|---|
| Format: | Žurnal |
| Jezik: | Vietnamese |
| Izdano: |
H.:
Trường Đại học Thương Mại,
|
| Oznake: |
Dodaj oznaku
Bez oznaka, Budi prvi tko označuje ovaj zapis!
|
| Thư viện lưu trữ: | Thư viện Trường Đại học Đà Lạt |
|---|
| LEADER | 00635nam a2200241 4500 | ||
|---|---|---|---|
| 001 | DLU180184625 | ||
| 022 | # | # | |a 18593666 |
| 040 | # | # | |a DLU |b VIE |
| 041 | # | # | |a vie |
| 245 | # | # | |a Tạp Chí Khoa học = |b Journal of science / |c Trường Đại học Thương Mại. |
| 246 | # | # | |a Journal of science |
| 260 | # | # | |a H.: |b Trường Đại học Thương Mại, |
| 300 | # | # | |a v. ; |c 26cm. |
| 710 | # | # | |a Trường Đại học Thương Mại. |
| 994 | # | # | |a DLU |
| 900 | # | # | |a True |
| 911 | # | # | |a Nguyễn Thị Thu Phương |
| 925 | # | # | |a G |
| 926 | # | # | |a A |
| 927 | # | # | |a TT |
| 980 | # | # | |a Thư viện Trường Đại học Đà Lạt |